PHARMACOLOGICAL SCREENING METHODS AND TOXICOLOGY (Record no. 27095)

MARC details
000 -LEADER
fixed length control field 00443nam a22001577a 4500
003 - CONTROL NUMBER IDENTIFIER
control field SGT
020 ## - INTERNATIONAL STANDARD BOOK NUMBER
International Standard Book Number 9782178003344
082 ## - DEWEY DECIMAL CLASSIFICATION NUMBER
Classification number 615.7
Item number P24R
100 ## - MAIN ENTRY--PERSONAL NAME
Personal name RAO, AVANAPU. SRINIVASA
245 ## - TITLE STATEMENT
Title PHARMACOLOGICAL SCREENING METHODS AND TOXICOLOGY
260 ## - PUBLICATION, DISTRIBUTION, ETC. (IMPRINT)
Place of publication, distribution, etc HYDERABAD
Name of publisher, distributor, etc PHARMA MED PRESS
Year of Publication 2024
300 ## - PAGE DESCRIPTION
No. of Pages 376
650 ## - SUBJECT ADDED ENTRY--TOPICAL TERM
Topical term or geographic name as entry element PHARMACOLOGICAL AND TOXICOLOGY
653 ## - KEYWORDS--INDEX TERM
Keyword term PHARMACOLOGICAL, SCREENING, METHODS , TOXICOLOGY
942 ## - ADDED ENTRY ELEMENTS (KOHA)
Source of classification or shelving scheme Dewey Decimal Classification
Koha item type Books
Holdings
Withdrawn status Lost status Source of classification or shelving scheme Damaged status Not for loan Collection code Home library Current library Shelving location Date acquired Vendor Name Cost, normal purchase price SGTU Bill Number Total Checkouts Full call number Accession No. (Barcode) Date last seen Bill Date Koha item type Use restrictions Date last borrowed
    Dewey Decimal Classification     PHARMACY SGT FA-FP Library SGT FA-FP Library Text Book 03/10/2024 AHUJA PUB. 495.00 SGTU 19381   615.7 P24R FP5221 03/10/2024 13/08/2024 Books    
    Dewey Decimal Classification     PHARMACY SGT FA-FP Library SGT FA-FP Library Reference Book 03/10/2024 AHUJA PUB. 495.00 SGTU 19381   615.7 P24R FP5222 03/10/2024 13/08/2024 Books Restricted Access  
    Dewey Decimal Classification     PHARMACY SGT FA-FP Library SGT FA-FP Library Text Book 03/10/2024 AHUJA PUB. 495.00 SGTU 19381   615.7 P24R FP5223 03/10/2024 13/08/2024 Books    
    Dewey Decimal Classification     PHARMACY SGT FA-FP Library SGT FA-FP Library Text Book 03/10/2024 AHUJA PUB. 495.00 SGTU 19381 1 615.7 P24R FP5224 23/09/2025 13/08/2024 Books   19/09/2025
    Dewey Decimal Classification     PHARMACY SGT FA-FP Library SGT FA-FP Library Text Book 03/10/2024 AHUJA PUB. 495.00 SGTU 19381 1 615.7 P24R FP5225 24/01/2026 13/08/2024 Books   22/01/2026